[Event "AUTO-OPEN-3672"]
[Site "http://www.queenalice.com/game.php?id=1429294"]
[Date "2016.6.27"]
[Round "1"]
[White "niclep"]
[Black "Gorgona"]
[Result "1-0"]
[WhiteElo "2089"]
[BlackElo "1663"]

1. e4 e5 2. Nf3 Nf6 3. d3 Nc6 4. a3 a5 5. Nc3 d5 6. Be2 d4 7. Na2 h6 8. c3 Bc5
9. h3 Be6 10. cxd4 exd4 11. Bf4 Nh5 12. Bh2 Nf6 13. O-O O-O 14. Nc1 Bd6 15. Nb3
Bxh2+ 16. Nxh2 b6 17. Rc1 Na7 18. a4 c5 19. Nd2 Nc6 20. f4 Nb4 21. Ndf3 Bc8 22.
Ne5 Bb7 23. Bg4 Nxg4 24. Nhxg4 Ba6 25. Qb3 Qc7 26. Rf3 Kh7 27. Nh2 f6 28. Neg4
1-0

[Event "AUTO-OPEN-3672"]
[Site "http://www.queenalice.com/game.php?id=1429295"]
[Date "2016.6.27"]
[Round "1"]
[White "Gorgona"]
[Black "niclep"]
[Result "0-1"]
[WhiteElo "1661"]
[BlackElo "2091"]

1. e4 e5 2. f4 Nc6 3. Nf3 d6 4. Bc4 h6 5. fxe5 dxe5 6. Nc3 Nf6 7. a3 a5 8. Bb5
Bd7 9. d3 Bc5 10. Bxc6 Bxc6 11. Qe2 Qd6 12. Rf1 O-O 13. Nh4 Bd7 14. Nf5 Bxf5 15.
Rxf5 Bd4 16. Nb5 Qb6 17. Nxc7 Qxc7 18. Rxf6 Qd7 19. Rf5 Ra6 20. c3 Ba7 21. Rxe5
Bb8 22. Rd5 Qe7 23. g3 Bc7 24. Bd2 Rc6 25. O-O-O b6 26. Rf1 Be5 27. Kb1 Bf6 28.
d4 Qe6 0-1

[Event "AUTO-OPEN-3672"]
[Site "http://www.queenalice.com/game.php?id=1429320"]
[Date "2016.6.27"]
[Round "1"]
[White "Gorgona"]
[Black "favos"]
[Result "0-1"]
[WhiteElo "1574"]
[BlackElo "2011"]

1. e4 e5 2. f4 d6 3. Nf3 Nf6 4. fxe5 dxe5 5. Qe2 Nc6 6. a3 Bg4 7. Qd3 Bxf3 8.
gxf3 Nd7 9. Qe3 Bc5 10. Qe2 Qh4+ 11. Kd1 Nd4 12. Qg2 O-O-O 13. d3 f5 14. Bg5 Qh5
15. Bxd8 Rxd8 16. Be2 fxe4 17. dxe4 Nb6 18. Nd2 Nxe2 19. Kxe2 Qh6 20. Nb3 Qe3+
21. Kf1 Nc4 22. Re1 Qf4 23. Nxc5 Ne3+ 24. Rxe3 Qxe3 25. Nd3 c5 26. Qf2 Qh6 27.
Qxc5+ Kb8 28. Qxe5+ Ka8 29. Qf4 g5 30. Qg3 Rc8 31. Qf2 Qh3+ 32. Ke1 g4 33. f4
Qh5 34. f5 Qe8 35. e5 Qc6 36. Rg1 h5 0-1

[Event "AUTO-OPEN-3672"]
[Site "http://www.queenalice.com/game.php?id=1429321"]
[Date "2016.6.27"]
[Round "1"]
[White "favos"]
[Black "Gorgona"]
[Result "1-0"]
[WhiteElo "2013"]
[BlackElo "1572"]

1. d4 d5 2. c4 dxc4 3. e4 e6 4. Nf3 Nf6 5. e5 Nd5 6. Bxc4 h6 7. O-O Bb4 8. a3
Ba5 9. b4 Bb6 10. Bxd5 Qxd5 11. Nc3 Qd8 12. Be3 O-O 13. b5 c6 14. a4 Bd7 15. Nd2
cxb5 16. axb5 Ba5 17. Nde4 Bxc3 18. Nxc3 Qe8 19. Qg4 Kh7 20. f4 Bxb5 21. Nxb5
Qxb5 22. f5 Qd3 23. Rae1 exf5 24. Rxf5 Nc6 25. Qf4 Nd8 26. d5 Qxd5 27. Rh5 Qe6
28. Qe4+ Qg6 29. Qf3 Nc6 30. g4 f5 31. g5 Nxe5 32. Qd1 Rfd8 33. Qe2 Ng4 34. Rh3
Nxe3 35. Qxe3 Re8 36. Qd2 1-0

[Event "AUTO-ADV-3673"]
[Site "http://www.queenalice.com/game.php?id=1431517"]
[Date "2016.7.13"]
[Round "1"]
[White "patreszer"]
[Black "Gorgona"]
[Result "1-0"]
[WhiteElo "2012"]
[BlackElo "1586"]

1. c4 e5 2. d3 Nc6 3. g3 d5 4. cxd5 Qxd5 5. e4 Qd6 6. Bg2 Be6 7. Nf3 O-O-O 8.
O-O Qxd3 9. Qxd3 Rxd3 10. Be3 Kb8 11. Nc3 Bb4 12. Nd5 Bxd5 13. exd5 Nd8 14. a3
Bd6 15. Rfd1 Rxd1+ 16. Rxd1 h6 17. Nd2 f5 18. Nc4 Nf6 19. Nxd6 cxd6 20. f4 e4
21. h3 h5 22. Kf2 b6 23. Rh1 Nb7 24. Bd4 Rc8 25. Ke3 Nxd5+ 26. Kd2 g6 27. Rc1
Rxc1 28. Kxc1 Na5 29. Kc2 Nc4 30. Bh1 Nde3+ 31. Kc3 d5 32. Bxe3 Nxe3 33. Kd4 Nf1
34. g4 1-0

[Event "AUTO-ADV-3673"]
[Site "http://www.queenalice.com/game.php?id=1431518"]
[Date "2016.7.13"]
[Round "1"]
[White "Gorgona"]
[Black "patreszer"]
[Result "1-0"]
[WhiteElo "1603"]
[BlackElo "2009"]

1. e4 c6 2. d4 d5 3. Nd2 Nd7 4. Ngf3 e6 5. Bd3 dxe4 6. Nxe4 Ngf6 7. Bg5 Be7 8.
Bxf6 Nxf6 9. Qd2 O-O 10. O-O-O b5 11. h4 a5 12. c3 Qb6 13. Nfg5 h6 14. Nxf6+
Bxf6 15. Nh7 b4 16. Nxf6+ Kh8 17. Ne4 Rb8 18. Bc2 Ba6 19. Nc5 Bc4 20. b3 bxc3
21. Qxc3 Bd5 22. Nd7 Qb7 23. Nxf8 Rxf8 24. f3 Rb8 25. Qxa5 Ra8 26. Qc5 Rxa2 27.
Qf8# 1-0

[Event "AUTO-ADV-3673"]
[Site "http://www.queenalice.com/game.php?id=1431531"]
[Date "2016.7.13"]
[Round "1"]
[White "Gorgona"]
[Black "Tavinho92"]
[Result "0-1"]
[WhiteElo "1659"]
[BlackElo "1752"]

1. e4 c5 2. Nf3 Nc6 3. Nc3 e6 4. d4 cxd4 5. Nxd4 e5 6. Nxc6 bxc6 7. Bc4 Nf6 8.
O-O d5 9. exd5 cxd5 10. Nxd5 Bb7 11. Nxf6+ Qxf6 12. Re1 Be7 13. Qe2 O-O 14. Qxe5
Qc6 15. Bf1 Bd6 16. Qb5 Rac8 17. Qxc6 Bxc6 18. Be3 a6 19. Bxa6 Rb8 20. b3 Rbe8
21. a4 Re6 22. c3 Rg6 23. g3 Re8 24. a5 Be5 25. Rac1 Ra8 26. Bd3 Rxa5 27. Bxg6
fxg6 28. b4 Ra3 0-1

[Event "AUTO-ADV-3673"]
[Site "http://www.queenalice.com/game.php?id=1431532"]
[Date "2016.7.13"]
[Round "1"]
[White "Tavinho92"]
[Black "Gorgona"]
[Result "0-1"]
[WhiteElo "1701"]
[BlackElo "1659"]

1. e4 e5 2. Nf3 Nc6 3. c3 Nf6 4. d3 h6 5. Nbd2 d5 6. Qa4 dxe4 7. dxe4 Bd6 8. Nc4
O-O 9. Bd3 Re8 10. O-O a6 11. Re1 b5 12. Qb3 bxc4 13. Bxc4 Be6 14. Be3 Rb8 15.
Qa4 Bxc4 16. Qxc4 Qd7 17. Rad1 Rxb2 18. Qxa6 Nxe4 19. Qd3 Nf6 20. Ra1 e4 21. Qa6
exf3 22. gxf3 Qh3 23. f4 Ng4 24. Qxc6 Qxh2+ 25. Kf1 Nxe3+ 26. Rxe3 Qxf2# 0-1

[Event "AUTO-ADV-3673"]
[Site "http://www.queenalice.com/game.php?id=1431533"]
[Date "2016.7.13"]
[Round "1"]
[White "Gorgona"]
[Black "Clauceri"]
[Result "0-1"]
[WhiteElo "1568"]
[BlackElo "2065"]

1. e4 e5 2. d4 exd4 3. c3 dxc3 4. Bc4 d6 5. Qf3 Nf6 6. Qxc3 Nxe4 7. Bxf7+ Kxf7
8. Qf3+ Nf6 9. Ne2 Bg4 10. Qb3+ Be6 0-1

[Event "AUTO-OPEN-3679"]
[Site "http://www.queenalice.com/game.php?id=1431810"]
[Date "2016.7.15"]
[Round "1"]
[White "Armynavyclub"]
[Black "Gorgona"]
[Result "1-0"]
[WhiteElo "1360"]
[BlackElo "1574"]

1. e4 e5 2. Nf3 Nc6 3. Bc4 Be7 4. Nc3 Nf6 5. a3 d6 6. h3 a6 7. O-O O-O 8. d4
exd4 9. Nxd4 Ne5 10. Ba2 c5 11. Nf5 b5 12. Nxe7+ Qxe7 13. Nd5 1-0

[Event "AUTO-OPEN-3679"]
[Site "http://www.queenalice.com/game.php?id=1431811"]
[Date "2016.7.15"]
[Round "1"]
[White "Gorgona"]
[Black "Armynavyclub"]
[Result "0-1"]
[WhiteElo "1574"]
[BlackElo "1309"]

1. e4 e6 2. d4 d5 3. Nd2 c5 4. Ngf3 Nc6 5. c3 dxe4 6. Nxe4 cxd4 7. Bb5 Nf6 8.
Nxf6+ Qxf6 9. Nxd4 Bd7 10. O-O Bc5 11. Bxc6 bxc6 12. Nf3 Rd8 13. Bg5 Qg6 0-1

[Event "Challenge"]
[Site "http://www.queenalice.com/game.php?id=1432730"]
[Date "2016.7.22"]
[Round "-"]
[White "zubarev"]
[Black "Gorgona"]
[Result "1-0"]
[WhiteElo "1905"]
[BlackElo "1593"]

1. Nf3 Nf6 2. d4 d5 3. e3 e6 4. Bd3 c5 5. dxc5 Bxc5 6. Bd2 Nc6 7. O-O e5 8. Be2
O-O 9. Bb5 e4 10. Ne1 Qc7 11. Nc3 Ng4 12. g3 Nf6 13. Rc1 a6 14. Be2 1-0

[Event "Challenge"]
[Site "http://www.queenalice.com/game.php?id=1433082"]
[Date "2016.7.25"]
[Round "-"]
[White "Gorgona"]
[Black "zubarev"]
[Result "0-1"]
[WhiteElo "1589"]
[BlackElo "1909"]

1. e4 e5 2. f4 d6 3. Bc4 Nc6 4. c3 Qh4+ 5. g3 Qe7 6. d3 Be6 7. Bb5 Bd7 8. Nf3
O-O-O 9. f5 Nb8 10. Bxd7+ Nxd7 11. Qb3 Ngf6 12. Ng5 d5 0-1